Chuyện hay thực vật /
保存先:
| 第一著者: | |
|---|---|
| その他の著者: | |
| フォーマット: | 図書 |
| 言語: | Vietnamese |
| 出版事項: |
[Tp.HCM] :
Nxb Trẻ,
2000.
|
| シリーズ: | Kho vàng tri thức cho mọi người.
|
| 主題: | |
| タグ: |
タグ追加
タグなし, このレコードへの初めてのタグを付けませんか!
|
| Thư viện lưu trữ: | Mạng thư viện Đại học Đà Nẵng |
|---|
| LEADER | 00857cam a2200337 a 4500 | ||
|---|---|---|---|
| 001 | 000042716 | ||
| 003 | 591 | ||
| 005 | 20051221135234.0 | ||
| 008 | 010217b2000 vm 000 vie | ||
| 020 | |c 50000 | ||
| 040 | |a IRC |c IRC |d IRC | ||
| 041 | 0 | |a vie | |
| 082 | 1 | 4 | |a 581.1 |b HO-D |
| 100 | 1 | |a Hoàng Kế Dân. | |
| 245 | 1 | 0 | |a Chuyện hay thực vật / |c Hoàng Kế Dân, Trường Phong. |
| 260 | |a [Tp.HCM] : |b Nxb Trẻ, |c 2000. | ||
| 300 | |a 385 tr. ; |c 19 cm. | ||
| 440 | 0 | |a Kho vàng tri thức cho mọi người. | |
| 630 | 0 | 4 | |a Thực vật. |
| 650 | 0 | 4 | |a Thực vật. |
| 700 | 1 | |a Trường Phong. | |
| OWN | |a DUT | ||
| 999 | |a From the UDN01 | ||
| TYP | |a Monograph | ||
| TYP | |a Printed language | ||
| 980 | |a Mạng thư viện Đại học Đà Nẵng | ||